000 00269nam a2200097Ia 4500
082 _aR 422.3
245 0 _aOxford school dictionary of word origins
100 _a AYTO, John Oxford, 2009 New ed
_914662
942 _cBK
008 210816s9999 xx 000 0 und d
999 _c77463
_d77462